Gramática de la lengua castellana
Guardat en:
| Autors principals: | , |
|---|---|
| Format: | Llibre |
| Idioma: | espanyol |
| Publicat: |
Buenos Aires
Sopena Argentina
1970
|
| Matèries: | |
| Etiquetes: |
Afegir etiqueta
Sense etiquetes, Sigues el primer a etiquetar aquest registre!
|
MARC
| LEADER | 00000nam a2200000 a 4500 | ||
|---|---|---|---|
| 001 | UCJ9872 | ||
| 003 | CL-VaPUC | ||
| 008 | 070413e19700000AG |||||||||||||||||spa|d | ||
| 082 | 0 | 4 | |a 465 |b BEL |2 21 |
| 100 | 0 | |a Bello, Andrés |e author |9 519921 | |
| 700 | 0 | |a Cuervo, J. Cuervo |e author |9 519922 | |
| 245 | 1 | 0 | |a Gramática de la lengua castellana |
| 300 | |a 559 p | ||
| 942 | |c BK | ||
| 945 | |d 20070413 00:00:00 |a jtorresc | ||
| 260 | |a Buenos Aires |b Sopena Argentina |c 1970 | ||
| 500 | |a Donación del Dr. Luis Gómez Macker | ||
| 650 | 0 | |a Gramática |9 270497 | |
| 650 | 7 | |a LINGUISTICA DESCRIPTIVA |2 CL-VaPUC |9 519923 | |
| 650 | 0 | |a Filología |9 321245 | |
| 650 | 0 | |a Morfología |9 334440 | |
| 650 | 0 | |a Sintaxis |9 318843 | |
| 650 | 7 | |a LENGUAS ROMANCES |2 CL-VaPUC |9 346632 | |
| 583 | |a last modification |c 20070413 00:00:00 |k Rodrigo Vera | ||
| 999 | |c 325215 |d 325213 | ||
| 952 | |0 0 |1 0 |4 0 |6 465_000000000000000_BEL_1970 |7 0 |8 A |9 405849 |a FDOPOS |b FDOPOS |d 2019-11-22 |i 4271513 |o 465 BEL 1970 |p 4271513 |r 2025-01-22 |w 2019-11-22 |y BK |k MLA | ||